| 000 | 00382nam a2200157 4500 | ||
|---|---|---|---|
| 999 |
_c15695 _d15695 |
||
| 003 | OSt | ||
| 008 | 190528b ||||| |||| 00| 0 eng d | ||
| 020 | _a9788176222013 | ||
| 082 |
_a631.45 _bKOH/SO |
||
| 100 |
_aKohnke,Helmut. _94185 |
||
| 245 | _aSoil Conservation | ||
| 260 |
_aDelhi _bBiotech Books _c2014 |
||
| 300 | _a298 p. | ||
| 700 |
_aBertrand, Anson R. _94186 |
||
| 942 | _cBK | ||